Koncepčný návrh kĺbového zhutňovacieho valca na platforme Valet 150

Uložené v:
Podrobná bibliografia
Hlavný autor: Korec, Filip (Autor)
Ďalší autori: Gulan, Ladislav (Vedúci práce)
Médium: Rukopis Kniha
Jazyk:Slovak
Vydavateľské údaje: 2024
Predmet:
On-line prístup:http://is.stuba.sk/zp/portal_zp.pl?podrobnosti=179038
Tagy: Pridať tag
Žiadne tagy, Buďte prvý, kto otaguje tento záznam!

MARC

LEADER 00000ntm a22000003a 4500
001 stuzp99358
003 SK-STU
005 20241120101527.5
007 ta
008 150427s2015----xo-----f-mn---000-0-slo-d
040 |a STU  |b slo 
041 0 |a slo 
100 1 |a Korec, Filip  |u 020030  |4 aut  |U SjF Strojnícka fakulta  |T SjF Ústav automobilového inžinierstva a konštruovania  |X 103976  |U J0030  |Y 806  |7 103976 
242 0 1 |a Conceptual design of an articulated compactor roller on the Valet 150 platform  |y eng 
245 1 0 |a Koncepčný návrh kĺbového zhutňovacieho valca na platforme Valet 150 
260 |c 2024 
650 4 |a platforma  |2 slo 
650 4 |a zhutňovací valec  |2 slo 
650 4 |a modularita  |2 slo 
650 4 |a kĺbový rám  |2 slo 
650 4 |a vibrácie  |2 slo 
650 4 |a modularity  |2 eng 
650 4 |a platform  |2 eng 
650 4 |a compaction roller  |2 eng 
650 4 |a articulated frame  |2 eng 
650 4 |a vibration  |2 eng 
700 1 |a Gulan, Ladislav  |u 020030  |k Z1  |4 ths  |U SjF Strojnícka fakulta  |T SjF Ústav automobilového inžinierstva a konštruovania  |X 2356  |U J0030  |Y 806  |7 A000002356 
856 4 |u http://is.stuba.sk/zp/portal_zp.pl?podrobnosti=179038 
996 |b 284J047685  |c J* 3780/DDP  |l JJSK  |s A  |a 24  |w stuzp99358_0001